Top 10 Countries That Consume the Most Tea - Statistics

General Stats
  • This quiz has been taken 59 times
  • The average score is 4 of 10
Answer Stats
Kg Country % Correct
2.72 United Kingdom
98%
3.22 Ireland
71%
7.53 Türkiye
61%
1.89 United Arab Emirates
30%
4.35 Morocco
29%
1.60 Qatar
29%
1.61 Kuwait
25%
1.54 Kazakhstan
18%
3.22 Mauritania
4%
2.08 Seychelles
2%
No matching quizzes found
Score Distribution
Percent of People with Each Score
Percentile by Number Answered
Your Score History
You have not taken this quiz